Normal view
MARC view
- Delhaes, Pierre
Entry Personal Name
001 - CONTROL NUMBER
- control field: 114829
003 - CONTROL NUMBER IDENTIFIER
- control field: NUST
005 - DATE AND TIME OF LATEST TRANSACTION
- control field: 20230912165033.0
008 - FIXED-LENGTH DATA ELEMENTS
- fixed length control field: 230912|| aca||aabn | a|a d
040 ## - CATALOGING SOURCE
- Original cataloging agency: NUST
- Transcribing agency: NUST
100 ## - HEADING--PERSONAL NAME
- Personal name: Delhaes, Pierre
670 ## - SOURCE DATA FOUND
- Source citation: Work cat.: (NUST): Delhaes, Pierre., Carbon science and technology :, 2012
